000 00418pab a2200169 454500
008 180718b2006 xxu||||| |||| 00| 0 eng d
100 _aDas, Bhaswati
245 _aIndian census: past and present
260 _c2006
300 _ap.41-56.
362 _aJun
650 _aPopulation censuses - India
650 _aPopulation censuses
700 _aDas, Dipendra Nath
773 _aSocial Change
909 _a71241
999 _c71241
_d71241